000 00311nam a22001337a 4500
008 170130b xxu||||| |||| 00| 0 eng d
020 _a9780875961903
041 _aeng
080 _a61
100 _a3
101 _aSHMI
245 _aTHE COMPLETE BOOK OF NATURAL & MEIDICNAL CURES
_c WILD, R
942 _2udc
_cBK
999 _c3966
_d3966